Les plus hauts sommets par continent - Statistiques

Statistiques générales
  • Ce quiz a été pris 129 fois
  • Le résultat moyen est 7 sur 30
Statistiques - réponses
% Correct
Europe France 4809 m Mont Blanc
92%
Asie Chine / Nepal 8848 m Everest
91%
Afrique Tanzanie 5892 m {Kilimandjaro} Kibo
84%
Asie Chine / Pakistan 8611 m K2
79%
Afrique Tanzanie 5149 m {Kilimandjaro} Mawenzi
67%
Europe Russie 5642 m Elbrouz
61%
Amérique du Sud Argentine 6962 m Aconcagua
53%
Amérique du Nord Etats-Unis 6190 m Denali
43%
Afrique Kenya 5199 m Mont Kenya
23%
Asie Chine / Nepal 8516 m Lhotse
21%
Amérique du Nord Canada 5959 m Mont Logan
11%
Océanie Indonésie 4884 m Puncak Jaya
11%
Asie Chine / Nepal 8485 m Makalu
9%
Asie Inde / Nepal 8586 m Kangchenjunga
8%
Amérique du Nord Mexique 5426 m Popocatepetl
6%
Amérique du Nord Mexique 5675 m Pic d'Orizaba
5%
Afrique R.D.C. / Ouganda 5109 m Mont Stanley
3%
Amérique du Sud Argentine 6793 m Monte Pissis
2%
Amérique du Nord Canada / Etats-Unis 5489 m Mont Saint-Elie
2%
Amérique du Sud Argentine / Chili 6893 m Nevado Ojos del Salado
1%
Océanie Indonésie 4862 m Nga Pulu
1%
Océanie Indonésie 4870 m Sumantri
1%
Océanie Indonésie 4820 m Carstensz Oriental
0%
Amérique du Sud Argentine 6759 m Cerro Bonete Chico
0%
Europe Géorgie / Russie 5193 m Chkhara
0%
Europe Russie 5205 m Dykh-Taou
0%
Amérique du Sud Pérou 6768 m Huascaran
0%
Europe Russie 5150 m Kochtan-Taou
0%
Afrique Ouganda 4890 m Mont Speke
0%
Océanie Indonésie 4750 m Puncak Trikora
0%
Aucun quiz correspondant
Distribution des résultats
% des personnes avec chaque résultat
Percentile par nombre de réponses
Votre historique - résultats
Vous n’avez pas pris ce quiz